000 00687nam a2200289Ia 4500
005 20260324140934.0
008 008 260324s9999 xx 000 0 eng d
020 _a9781315038032
037 _aEBOOK
040 _aCRL
040 _beng
040 _cCRL
041 _2eng
041 _aeng
084 _qCRL
100 _aYosef Govrin
_91194601
245 0 _aIsraeli-Soviet Relations, 1953-1967
245 0 _bFrom Confrontation to Disruption
260 _bTaylor and Francis
260 _c1998
365 _a
365 _b70.99
856 _uhttp://www.taylorfrancis.com/books/9781315038032
942 _cEBOOK
999 _c1808874
_d1808874